Religions Recognized by Singapore - Statistics

General Stats
  • This quiz has been taken 58 times
  • The average score is 9 of 12
Answer Stats
Religion % Correct
Buddhism
100%
Christianity
100%
Islam
100%
Hinduism
93%
Judaism
91%
Taoism
81%
Shintoism
76%
Sikhism
70%
Jainism
63%
Confucianism
59%
Zoroastrianism
54%
Baháʼí Faith
46%
No matching quizzes found
Score Distribution
Percent of People with Each Score
Percentile by Number Answered
Your Score History
You have not taken this quiz